Allgemeinwissen Schweiz - Statistiken

Allgemein
  • Dieses Quiz wurde 235 mal gespielt
  • Das Durchschnittsergebnis liegt bei 78 aus 114
Antwortstatistiken
Kantone Kürzel / Autokennzeichen % Korrekt
FR
94%
BE
93%
Bern
91%
Zürich
91%
Basel
90%
Deutsch
90%
GE
90%
Roger Federer Bekanntester Schweizer Tennisprofi
90%
Französisch
88%
Genève / Genf
88%
Genf
88%
GR
88%
Italienisch
88%
LU
88%
ZH
87%
AR
86%
Fribourg / Freiburg
86%
Appenzell
85%
Basel-Landschaft
85%
Graubünden
85%
Luzern
85%
UR
85%
Rhein
84%
Zug
84%
Basel-Stadt
83%
BL
83%
BS
83%
JU
83%
Matterhorn 4'478m
83%
Aargau
82%
Schwyz
82%
SO
82%
St. Gallen
82%
Ticino / Tessin
82%
Uri
82%
AG
81%
Appenzell Ausserrhoden
81%
Appenzell Innerrhoden
81%
Jura
81%
Valais / Wallis
81%
NE
80%
ZG
80%
AI
79%
Chur
79%
SG
79%
SH
79%
Solothurn
79%
TI
79%
Neuchâtel / Neuenburg
78%
SZ
78%
Aarau
77%
GL
77%
Obwalden
77%
Vaud / Waadt
77%
Nidwalden
76%
Schaffhausen
76%
Glarus
75%
NW
75%
OW
75%
Thur
75%
VD
75%
Willhelm Tell In der schweizerischen Mythologie als Freiheitskämpfer bekannt
75%
Thurgau
73%
VS
72%
Aare
71%
TG
71%
SVP
70%
Lausanne
69%
Rätoromanisch
69%
Sion
66%
SP
66%
Albert Einstein Physiker und Wissenschaftler
65%
Bellinzona
64%
Fribourg
64%
FDP
61%
Dufourspitze 4'634m
58%
Frauenfeld
58%
Liestal
56%
Limmat
56%
Altdorf
55%
Neuchâtel
55%
Delémont
54%
Stans
53%
Die Mitte
52%
Lara Gut-Behrami Ski-Fahrerin, mit Ex-Fussballer (auch CH) verheiratet
52%
Rhone
52%
Sarnen
51%
Herisau
50%
Reuss
45%
Christoph Blocher Polarisierender (nicht mehr aktiver) Politiker
44%
Inn
40%
Dom 4'545m
31%
Heidi International berühmte Kunstfigur / Zeichentrick
31%
Ticino
26%
Yann Sommer Geniesst hohes Ansehen der Schweizer Fussballfans
25%
Saane
18%
Doubs
17%
Weisshorn 4'505m
16%
Vorderrhein
15%
Hinterrhein
14%
Dent Blanche 4'356m
12%
Kander
12%
Liskamm 4'527m
12%
Grand Combin 4'314m
7%
Orbe / Zihl
6%
Keine übereinstimmenden Quizze gefunden
Verteilung der Resultate
Anzahl Personen mit jedem Resultat
Perzentil nach korrekt beantworteten Fragen
Ihre Resultats-Entwicklung
Sie haben dieses Quiz noch nicht gespielt